Downton Abbey Episode 2X4 Lines Quiz Stats

Quiz not verified by Sporcle

Challenge
Share
Tweet
Embed
Score 0/24 Timer 05:00
0 Plays Today
Number of Lines Character % Correct
51Lady Mary Crawley
96.6%
20Violet Crawley, Dowager Countess of Grantham
96.6%
40Cora Crawley,Countess of Grantham
96.6%
49Robert Crawley, Earl of Grantham
95.4%
31Lady Sybil Crawley
95.4%
12Mr. Charles Carson
94.3%
21Thomas Barrow
94.3%
23Lady Edith Crawley
93.1%
11Mr. Matthew Crawley
92%
25Anna Smith
92%
33Mrs. Elsie Hughes
92%
20Daisy Robinson
92%
Number of Lines Character % Correct
24Mrs. Beryl Patmore
92%
22Mr. John Bates
89.7%
13Tom Branson
89.7%
30Mrs. Isobel Crawley
88.5%
9Dr. Richard Clarkson
86.2%
7William Mason
85.1%
26Miss Sarah O'Brien
83.9%
8Ethel Parks
82.8%
3Major Charles Bryant
71.3%
27Mr. Joseph Molesley
70.1%
23Mrs. May Bird
50.6%
5Veteran
16.1%

You're not logged in!

Compare scores with friends on all Sporcle quizzes.
Sign Up with Email
OR
Log In

You Might Also Like...

Show Comments

Extras

Top Quizzes Today


Score Distribution

Your Account Isn't Verified!

In order to create a playlist on Sporcle, you need to verify the email address you used during registration. Go to your Sporcle Settings to finish the process.

Report this User

Report this user for behavior that violates our Community Guidelines.

Details: